00334nam a2200121Ia 4500008004100000020001800041041000800059082002500067100003400092245003400126260004300160300000900203230411s9999 xx 000 0 und d a81-7381-280-2 aeng aA/611/CHA/CHA/B02114 aChakrabarty N & Chakrabarty D aFundamentals Of Human Anatomy bNew Central Book AgencyaKolkatac2004 a762p